000 00291nam a2200133Ia 4500
008 191201s2011 xx 000 0 und d
100 _aKHAN,M.Y.
245 0 _aManagement Accounting
250 _a5th
260 _aN. Delhi
_bTMH
_c2011
300 _aMISC
650 _aBBA
942 _2ddc
_cBK
999 _c5134
_d5134